000 00453cam a2200157u 4500
082 _a621.314
_bGIB
_cL-11, P-5
100 1 _aGibbs, Jesse Berthold,
_941391
245 1 0 _aTransformer principles and practice.
250 _a2d ed.
260 _aNew York,
_bMcGraw-Hill,
_c1950.
300 _axi, 236 p.
_billus.
_c24 cm.
526 _a0
_b0
_c0
_d621_314000000000000_GIB
650 0 _aElectric transformers.
_941392
650 0 _aMCE
_9379
942 _2ddc
_cBK
999 _c545510
_d545510